Rukověť funkcionáře národního pojištění

Guardado en:
Detalles Bibliográficos
Formato: Libro
Lenguaje:checo
Publicado: Praha Práce 1983
Colección:Příruční knihovna ROH
Etiquetas: Agregar Etiqueta
Sin Etiquetas, Sea el primero en etiquetar este registro!

MARC

LEADER 00000nam a2200000 4500
001 c115754
005 20050302095220.0
041 0 |a cze 
044 |a CZ 
245 1 0 |a Rukověť funkcionáře národního pojištění 
264 1 |a Praha  |b Práce  |c 1983 
300 |a 383 s. 
490 1 |a Příruční knihovna ROH 
830 0 |a Příruční knihovna ROH